• 首页
  • 本馆介绍
  • 公告通知
  • 最新文献
  • 馆藏检索
  • 电子资源
  • 读者导购
  • 参考咨询
  • 我的图书馆
  • 登录
  • 详细信息显示
  • 放入我的书架
  • 预约/预借图书
  • 作者相关作品
  • 分类相关作品
  • 丛书相关作品
  • 出版社相关作品

书目信息

  • 表格格式
  • 工作单格式
  • 卡片格式
题名:
电子系统设计与实践
    
 
作者: 贾立新 , 王涌 编著
分册:  
出版信息: 北京   清华大学出版社  2007
页数: 332页
开本: 26cm
丛书名:
单 册:
中图分类: TN02
科图分类:
主题词: 电子系统--系统设计--高等教育--教材 , 电子系统 , 系统设计
电子资源:
ISBN: 978-7-302-14297-3
000 00963nam0 2200289 450
001 003423841
005 20080229101915.39
010    @a978-7-302-14297-3@dCNY29.80
035    @a003423841
100    @a20070402d2007 em y0chiy0110 ea
101 0  @achi
102    @aCN@b110000
105    @ay z 000yy
106    @ar
200 1  @a电子系统设计与实践@Adian zi xi tong she ji yu shi jian@f贾立新,王涌等编著
210    @a北京@c清华大学出版社@d2007
215    @a332页@d26cm
300    @a新坐标大学本科电子信息类专业系列教材 浙江省高等教育重点建设教材
330    @a本书由四部分组成:分为模拟电子系统的设计与实践、数字电子系统的设计与实践、基于单片机的电子系统设计与实践、综合电子系统的设计与实践。
606 0  @a电子系统@x系统设计@x高等教育@j教材
606 0  @a电子系统
606 0  @a系统设计
690    @aTN02@v4
701  0 @a贾立新@Ajia li xin@4编著
701  0 @a王涌@Awang yong@f(1975~)@4编著
801  0 @aCN@bNLC@c20080229
905    @dTN02@e103@f4
    
    电子系统设计与实践/贾立新,王涌等编著.-北京:清华大学出版社,2007
    332页;26cm
    新坐标大学本科电子信息类专业系列教材 浙江省高等教育重点建设教材
    
    ISBN 978-7-302-14297-3:CNY29.80
    本书由四部分组成:分为模拟电子系统的设计与实践、数字电子系统的设计与实践、基于单片机的电子系统设计与实践、综合电子系统的设计与实践。
●
相关链接 在E读中查询图书 在五车中查询图书 在当当中查询图书 在豆瓣中查询图书


正题名:电子系统设计与实践     索取号:TN02/103         预约/预借

序号 登录号 条形码 馆藏地/架位号 状态 备注
1 0793533   207935332   第二样本阅览室/ [索取号:TN02/103] 在馆    
2 0793534   207935341   第三借阅区/ [索取号:TN02/103] 在馆    
3 0793535   207935350   第三借阅区/ [索取号:TN02/103] 在馆    
4 0793536   207935369   第三借阅区/ [索取号:TN02/103] 在馆    
唐山师范学院图书馆 欢迎您!
大连网信软件有限公司© 版权所有